000 00681nam a2200289Ia 4500
005 20260324133232.0
008 008 260324s9999 xx 000 0 eng d
020 _a9780203725375
037 _aEBOOK
040 _aCRL
040 _beng
040 _cCRL
041 _2eng
041 _aeng
084 _qCRL
100 _aJames T Turner; Michael Gelles
_91192309
245 0 _aThreat Assessment
245 2 _bA Risk Management Approach
260 _bTaylor and Francis
260 _c2003
365 _a
365 _b99.99
856 _uhttp://www.taylorfrancis.com/books/9780203725375
942 _cEBOOK
999 _c1791181
_d1791181